000
00349nam a22001457a 4500
003
macl
005
20221207124155.0
008
221207b |||||||| |||| 00| 0 eng d
040
_c
macl
082
_a
300
100
_a
दृष्टि The vision.
_9
81594
245
_a
Social - Justic 2020 Notes [20] 2020
650
_a
Law
942
_2
ddc
_c
HIN
999
_c
65718
_d
65718